Devinez la Capitale Mystère #154 - Statistiques

Statistiques générales
  • Ce quiz a été pris 87 fois
  • Le résultat moyen est 30 sur 33
Statistiques - réponses
Type de Réponse Réponse % Correct
Lettre Trouvée A
100%
Lettre de l'Alphabet I
100%
Lettre Trouvée N
100%
Lettre de l'Alphabet R
100%
Lettre Trouvée S
100%
Lettre de l'Alphabet B
99%
Lettre de l'Alphabet E
99%
Lettre de l'Alphabet O
99%
Lettre de l'Alphabet L
97%
Lettre de l'Alphabet P
97%
Lettre de l'Alphabet D
96%
Lettre Trouvée T
96%
Lettre de l'Alphabet C
94%
Lettre de l'Alphabet K
94%
Lettre Bien Placée A
93%
Lettre de l'Alphabet M
93%
Lettre de l'Alphabet U
93%
Lettre de l'Alphabet V
93%
Lettre de l'Alphabet G
90%
Lettre Bien Placée N
88%
Lettre de l'Alphabet Y
88%
Lettre Bien Placée A
87%
Lettre de l'Alphabet H
87%
Lettre de l'Alphabet W
84%
Lettre de l'Alphabet X
82%
Lettre de l'Alphabet F
81%
Lettre Bien Placée S
81%
Lettre Bien Placée T
81%
Lettre Bien Placée A
79%
Lettre de l'Alphabet Z
79%
Lettre de l'Alphabet J
78%
Lettre de l'Alphabet Q
76%
Capitale Mystère Astana
75%
Aucun quiz correspondant
Distribution des résultats
% des personnes avec chaque résultat
Percentile par nombre de réponses
Votre historique - résultats
Vous n’avez pas pris ce quiz